| 000 | 01050cam a22002893a 4500 | ||
|---|---|---|---|
| 001 | 20130 | ||
| 003 | PGUSA | ||
| 005 | 20140828083427.0 | ||
| 008 | 061218s2006||||xxu|||||s|||||000 | eng d | ||
| 040 |
_aPGUSA _beng |
||
| 042 | _adc | ||
| 050 | 4 | _aPE | |
| 100 | 1 | _aG. W. | |
| 245 | 1 | 0 |
_aMagazine, or Animadversions on the English Spelling (1703) _h[electronic resource] / _cG. W. |
| 260 |
_bProject Gutenberg, _c2006 |
||
| 500 | _aLibrary of Congress catalog record http://lccn.loc.gov/70364698 says "The author may have been John White ... It may be, however, that the author ... was John Wild." | ||
| 506 | _aPublic domain in the USA. | ||
| 516 | _aElectronic text | ||
| 653 | _aSpelling reform -- Early works to 1800 | ||
| 653 | _aEnglish language -- Orthography and spelling -- Early works to 1800 | ||
| 700 | 1 | _aWhite, John, master of a boarding-school | |
| 700 | 1 | _aWild, John | |
| 700 | 1 |
_aAbercrombie, David, _d1909-1992 |
|
| 830 | 0 |
_aProject Gutenberg _v20130 |
|
| 856 | 4 | 0 | _uhttp://www.gutenberg.org/ebooks/20130 |
| 942 | _cEB | ||
| 999 |
_c249385 _d249385 |
||